| 000 | 00628 a2200181 4500 | ||
|---|---|---|---|
| 999 |
_c3927 _d3927 |
||
| 020 | _a9780073371603 | ||
| 050 | _aPE 1112 LAN 2009 | ||
| 100 |
_aLangan, John _eauthor |
||
| 245 |
_aEnglish Essentials : _bwhat every college student needs to know about grammar, grammar, punctuation and usage / _cJohn Langan and Beth Johnson |
||
| 250 | _a2nd ed. | ||
| 264 |
_aNew York: _bMc Graw-Hill, _c2009 |
||
| 300 |
_a360p.: _bill. |
||
| 500 | _aIncludes index | ||
| 650 |
_aGrammar _xproblems, exercises |
||
| 650 |
_aEnglish language _xpunctuation-problems |
||
| 700 |
_aJohnson, Beth _eauthor |
||
| 942 |
_2lcc _cBK _e2nd ed. _h1112 _iLAN _kPE |
||